|
|
|
|
| LEADER |
01058nam a2200265 a 4500 |
| 001 |
13887772 |
| 008 |
110111r20092005ne a b 001 0 eng d |
| 010 |
|
|
|a 2005043385
|
| 020 |
|
|
|a 9788131200506
|
| 020 |
|
|
|a 0120884070
|
| 040 |
|
|
|a DLC
|c DLC
|d DLC
|d BD-DhAAL
|
| 082 |
0 |
0 |
|a 006.3
|2 22
|
| 100 |
1 |
|
|a Witten, I. H.
|q (Ian H.)
|
| 245 |
1 |
0 |
|a Data mining :
|b practical machine learning tools and techniques /
|c Ian H. Witten, Eibe Frank.
|
| 250 |
|
|
|a 2nd ed.
|
| 260 |
|
|
|a Amsterdam ;
|a Boston, MA ;
|a India :
|b Morgan Kaufman,
|c 2005 [reprinted 2009].
|
| 300 |
|
|
|a xxxi, 525 p. :
|b ill. ;
|c 24 cm.
|
| 490 |
0 |
|
|a Morgan Kaufmann series in data management systems
|
| 504 |
|
|
|a Includes bibliographical references (p. 485-503) and index.
|
| 541 |
1 |
|
|e 00021706
|
| 650 |
|
0 |
|a Data mining.
|
| 700 |
1 |
|
|a Frank, Eibe.
|
| 852 |
4 |
|
|a Ayesha Abed library
|c General Shelf.
|
| 999 |
|
|
|c 10297
|d 10297
|
| 952 |
|
|
|0 0
|1 0
|2 ddc
|4 0
|6 006_300000000000000_WIT
|7 0
|9 13776
|a BRACUL
|b BRACUL
|c GEN
|d 2011-01-12
|e TRIM EDUCATION
|l 11
|m 142
|o 006.3 WIT
|p 3010021706
|r 2022-09-10
|s 2022-08-30
|t 1
|w 2011-01-12
|y BK
|